On This Day: March 10th II Quiz Stats

 Plays Quiz Updated Mar 10, 2018

Score 0/7 Timer 03:00
0 Plays Today
Question Answer Wrong Answers
FBI director ______ declines the post of Major League Baseball commissioner.
1951
J. Edgar Hoover
89.8%
Robert F. Kennedy
1.6%
Mark Felt
2.8%
Joseph McCarthy
5.4%
This American actress and producer, known for roles in films like ‘Basic Instinct’ and ‘Casino’, is born.
1958
Sharon Stone
83.9%
Demi Moore
3.4%
Michelle Pfeiffer
4.6%
Kim Basinger
6.2%
Alexander Graham Bell makes the world's first telephone call, famously saying to his assistant, 'Mr. Watson--_____--I want to see you.'
1876
Come here.
78.2%
Can you hear me?
14.9%
Say hello.
1.9%
Wave your arm.
4.9%
The family of ______ wins a $7.3 million copyright infringement lawsuit against Robin Thicke and Pharrell Williams for their song 'Blurred Lines.'
2015
Marvin Gaye
61.8%
Michael Jackson
15.2%
James Brown
8.2%
Otis Redding
10.7%
In response to a major political scandal, the impeachment of President Park Geun-hye of ______ is unanimously upheld by the country's Constitutional Court, ending her presidency.
2017
South Korea
59%
Taiwan
9.7%
Cambodia
10.2%
Myanmar
16.7%
This band’s first single ‘Arnold Layne’, backed with ‘Candy and a Currant Bun’, is released in the UK.
1967
Pink Floyd
49.8%
Led Zeppelin
23.3%
AC/DC
9.5%
Deep Purple
14.2%
This man leads a successful coup in Cuba, and appoints himself as the ‘provisional president’.
1952
Fulgencio Batista
25.8%
Fidel Castro
68.3%
Che Guevara
4.2%
Camilo Cienfuegos
0.5%

You're not logged in!

Compare scores with friends on all Sporcle quizzes.
OR
Log In

You Might Also Like...

Show Comments

Extras

Top Quizzes Today


Score Distribution

Your Account Isn't Verified!

In order to create a playlist on Sporcle, you need to verify the email address you used during registration. Go to your Sporcle Settings to finish the process.

Report this User

Report this user for behavior that violates our Community Guidelines.

Details: